Statistics for 羽田空港国際線の就航都市

Click here to take the quiz!

General Stats

  • This quiz has been taken 200 times
  • The average score is 34 of 55

Answer Stats

地域Answer% Correct
上海
99%
東アジア方面ソウル
98%
北京
97%
ヨーロッパ方面パリ
91%
ニューヨーク
91%
香港
90%
ロンドン
89%
バンコク
88%
台北
88%
シンガポール
88%
シドニー
86%
ロサンゼルス
83%
ローマ
82%
ハノイ
80%
サンフランシスコ
79%
シカゴ
76%
ドバイ
76%
ジャカルタ
76%
モスクワ
75%
東南アジア方面クアラルンプール
75%
ホーチミン
74%
マニラ
71%
シアトル
70%
バンクーバー
69%
メルボルン
69%
北米方面ホノルル
66%
トロント
64%
フランクフルト
63%
ミラノ
59%
ヘルシンキ
59%
イスタンブール
57%
中近東/アフリカ方面デリー
55%
ミュンヘン
54%
広州
53%
ウィーン
53%
ダラス
52%
ヒューストン
51%
大連
51%
天津
49%
ドーハ
48%
アトランタ
48%
デトロイト
42%
ウラジオストック
42%
深圳
40%
青島
39%
オセアニア/ミクロネシア方面ブリスベン
39%
ワシントンDC
38%
コペンハーゲン
37%
ケアンズ
33%
サンノゼ
29%
ポートランド
26%
ダナン
26%
ミネアポリス
25%
ニューアーク
20%
コナ
18%

Score Distribution

Percentile by Number Answered

Percent of People with Each Score

Your Score History

You have not taken this quiz